Wird geladen...

Algorithms and theory of Computation Handbook P1 & P2/

Bibliographische Detailangaben
1. Verfasser: ATTALLAH, Mikhail .J
Weitere Verfasser: BLANTON, Marina
Format: Printed Book
Sprache:English
Ausgabe:2nd ed..
LEADER 00437nam a2200121Ia 4500
008 120707s9999 xx 000 0 eng d
100 |a ATTALLAH, Mikhail .J 
245 0 |a Algorithms and theory of Computation Handbook P1 & P2/ 
250 |a 2nd ed.. 
700 1 |a BLANTON, Marina. 
942 |c BK 
999 |c 134342  |d 134342 
952 |0 0  |1 0  |4 0  |6 68_000000000000000_ATT  |7 0  |9 148619  |a MAT  |b MAT  |c ST1  |d 2012-07-10  |i 5340  |l 0  |o 68 ATT  |p MAT5340  |r 2013-08-01  |w 2013-08-01  |y BK